00393nam a2200133Ia 45000010005000000080041000050820019000461000076000652450052001412600017001935900007002109010027002179990015002441854241024s9999 xx 000 0 und d aRD/577.7/R426e aRepública Dominicana. Secretaría de Estado de Educación y Cultura 0aEje: Medio ambiente, propuestas metodológicas bUNICEFc1998 asi a30/9/2011 9:39:44 a.m. c8167d8167